Hospodárenie poľnohospodárskeho podniku v trhových podmienkach diplomová práca

Enregistré dans:
Détails bibliographiques
Auteur principal: Vargová, Zuzana
Collectivité auteur: Fakulta podnikového manažmentu EU. Katedra podnikovohospodárska
Autres auteurs: Tršťanská, Alena
Format: Livre
Langue:slovaque
Publié: Bratislava 2008
Tags: Ajouter un tag
Pas de tags, Soyez le premier à ajouter un tag!

MARC

LEADER 00000nam$a2200000$$$4500
001 0086310
005 20240201115256.7
041 0 |a slo 
044 |a SK 
245 1 0 |a Hospodárenie poľnohospodárskeho podniku v trhových podmienkach  |b diplomová práca  |c Zuzana Vargová ; škol. Alena Tršťanská 
264 1 |a Bratislava  |c 2008 
300 |a 82 s. 
100 1 |a Vargová, Zuzana 
700 1 |a Tršťanská, Alena 
710 2 |a Fakulta podnikového manažmentu EU. Katedra podnikovohospodárska